Anmol virasat (Record no. 734243)

MARC details
000 -LEADER
fixed length control field 00624nam a2200229Ia 4500
003 - CONTROL NUMBER IDENTIFIER
control field OSt
005 - DATE AND TIME OF LATEST TRANSACTION
control field 20220928110128.0
008 - FIXED-LENGTH DATA ELEMENTS--GENERAL INFORMATION
fixed length control field 220927b |||||||| |||| 00| 0 hin d
037 ## - SOURCE OF ACQUISITION
Terms of availability Textual
040 ## - CATALOGING SOURCE
Original cataloging agency SDCL
Transcribing agency SDCL
Language of cataloging hin
041 ## - LANGUAGE CODE
Source of code hin
Language code of text/sound track or separate title hin
100 ## - MAIN ENTRY--PERSONAL NAME
Personal name Kulkarni Sumitra
9 (RLIN) 398933
245 #0 - TITLE STATEMENT
Title Anmol virasat
Remainder of title Katha Gandhi aur azadi ki
260 ## - PUBLICATION, DISTRIBUTION, ETC.
Place of publication, distribution, etc. Delhi
Name of publisher, distributor, etc. Prabhat Prakashan
Date of publication, distribution, etc. 1988
300 ## - PHYSICAL DESCRIPTION
Extent 434p.
Dimensions cm.
942 ## - ADDED ENTRY ELEMENTS (KOHA)
Classification part V2y7M69, M8.2
Koha item type Textual
Source of classification or shelving scheme Colon Classification (CC)
Holdings
Withdrawn status Lost status Damaged status Not for loan Home library Current library Date acquired Total Checkouts Full call number Barcode Date last seen Price effective from Koha item type
        South Campus Library South Campus Library 2022-09-28   V2y7M69 M8.2 SC1103115 2022-09-28 2022-09-28 Textual
Copyright @ Delhi University Library System